|
|
|
|
| LEADER |
00699cam a2200181 7i4500 |
| 001 |
0000002602 |
| 005 |
20030819090000.0 |
| 002 |
##000003834 |
| 020 |
0 |
0 |
|a 962-7081-22-1
|
| 090 |
0 |
0 |
|a 384.14
|b CHI
|
| 245 |
0 |
0 |
|a China fax & telex directory 1993 : completely revised and update.
|
| 260 |
0 |
0 |
|a Hong Kong:
|b The China Phone Book Company Ltd.,
|c 1993.
|
| 300 |
# |
# |
|a 418p.
|
| 500 |
0 |
0 |
|a The directory is divided into 2 section, i.e. section 1 list the companies alphabetically. Section 2 the entries are divided into 42 major industry categories which are the listed alphabetically
|
| 650 |
0 |
0 |
|a Facsimiles
|
| 650 |
0 |
0 |
|a Teletype
|
| 651 |
0 |
0 |
|a China
|
| 999 |
|
|
|a 000004124
|b Book
|c Open shelf
|e Business Information Centre
|